Politics in Germany; (رقم التسجيلة. 107721)
[ عرض عادي ]
| 000 -LEADER | |
|---|---|
| fixed length control field | 009740am a2200277 004500 |
| 003 - CONTROL NUMBER IDENTIFIER | |
| control field | EG-GiCUC |
| 008 - FIXED-LENGTH DATA ELEMENTS--GENERAL INFORMATION | |
| fixed length control field | 710216s1968 mauab 000 0 eng |
| 040 ## - CATALOGING SOURCE | |
| Original cataloging agency | DLC |
| Transcribing agency | DLC |
| Modifying agency | DLC |
| 043 ## - GEOGRAPHIC AREA CODE | |
| Geographic area code | e-gw--- |
| 050 00 - LIBRARY OF CONGRESS CALL NUMBER | |
| Classification number | JN3971.A3 1968 |
| Item number | .E34 |
| 092 04 - LOCALLY ASSIGNED DEWEY CALL NUMBER (OCLC) | |
| Classification number | 320.943 |
| Item number | E236 |
| Edition number | 21 |
| 099 ## - LOCAL FREE-TEXT CALL NUMBER (OCLC) | |
| Classification number | 04 |
| -- | 320.943 E236 |
| 100 1# - MAIN ENTRY--PERSONAL NAME | |
| Personal name | Edinger, Lewis Joachim, |
| Dates associated with a name | 1922- |
| 245 10 - TITLE STATEMENT | |
| Title | Politics in Germany; |
| Remainder of title | attitudes and processes |
| Statement of responsibility, etc. | [by] Lewis J. Edinger. |
| 260 ## - PUBLICATION, DISTRIBUTION, ETC. | |
| Place of publication, distribution, etc. | Boston, |
| Name of publisher, distributor, etc. | Little, Brown |
| Date of publication, distribution, etc. | [1968] |
| 300 ## - PHYSICAL DESCRIPTION | |
| Extent | xviii, 360 p. |
| Other physical details | illus., maps. |
| Dimensions | 21 cm. |
| 490 0# - SERIES STATEMENT | |
| Series statement | The Little, Brown series in comparative politics. Country studies |
| 500 ## - GENERAL NOTE | |
| General note | Second ed. (c1977) published under title: Politics in West Germany. |
| 504 ## - BIBLIOGRAPHY, ETC. NOTE | |
| Bibliography, etc. note | Includes bibliographical references. |
| 651 #0 - SUBJECT ADDED ENTRY--GEOGRAPHIC NAME | |
| Geographic name | Germany (West) |
| General subdivision | Politics and government. |
| 902 ## - LOCAL DATA ELEMENT B, LDB (RLIN) | |
| No. of Items | 1 |
| 905 ## - LOCAL DATA ELEMENT E, LDE (RLIN) | |
| Cataloger | EMAN |
| Reviser | CAT |
| 905 ## - LOCAL DATA ELEMENT E, LDE (RLIN) | |
| Cataloger | Ibrahim |
| Reviser | Rev |
| 942 ## - ADDED ENTRY ELEMENTS (KOHA) | |
| Source of classification or shelving scheme | Dewey Decimal Classification |
| Koha item type | Books |
| Source of classification or shelving scheme | Not for loan | Home library | Current library | Date acquired | Full call number | Barcode | Date last seen | Copy number | Koha item type |
|---|---|---|---|---|---|---|---|---|---|
| Dewey Decimal Classification | المكتبة المركزبة الجديدة - جامعة القاهرة | قاعة المكتبات المهداة - الدور الرابع | 11.02.2024 | 320.943 E236 M.k | 01000114001192000 | 23.06.2024 | C.1 | Books |